00483nam a2200193 a 4500001001300000003000900013005001700022008004100039020001000080082001600090100002000106245002500126260004200151300000800193500003500201505001700236650001600253700002000269nice12345678IN_TiNIC20260116012909.0050524s0000 hyda grp 000 0 urd  ac10000a891.41bFIK aFikri, Badayuni aZard Paudon Ka Khwab aHyderabadbDaira Electric Pressc0000 a16p aincludes index and biblioraphy2 aPart 1 and 2 aUrdu-Poetry1 aFikri, Badayuni